Statistics for Every Core Series Poké Ball

Click here to take the quiz!

General Stats

  • This quiz has been taken 12 times
  • The average score is 18 of 28

Answer Stats

Answer% Correct
Heal Ball
100%
Master Ball
100%
Poké Ball
100%
Ultra Ball
100%
Great Ball
88%
Heavy Ball
88%
Dusk Ball
75%
Love Ball
75%
Luxury Ball
75%
Net Ball
75%
Premier Ball
75%
Quick Ball
75%
Timer Ball
75%
Beast Ball
63%
Dive Ball
63%
Fast Ball
63%
Nest Ball
63%
Repeat Ball
63%
Friend Ball
50%
Level Ball
50%
Moon Ball
50%
Park Ball
50%
Safari Ball
50%
Dream Ball
38%
Lure Ball
38%
Sport Ball
38%
Strange Ball
38%
Cherish Ball
25%

Score Distribution

Percentile by Number Answered

Percent of People with Each Score

Your Score History

You have not taken this quiz